Avances en las negociaciones entre CA, la CAN y la UE

محفوظ في:
التفاصيل البيبلوغرافية
التنسيق: نص
الموضوعات:
الوسوم: إضافة وسم
لا توجد وسوم, كن أول من يضع وسما على هذه التسجيلة!

MARC

LEADER 00000 a a2200000 04500
001 13146
003
040
245 |a Avances en las negociaciones entre CA, la CAN y la UE  
650 |a ACUERDOS INTERNACIONALES  
650 |a NEGOCIACIONES COMERCIALES  
650 |a COOPERACION INTERNACIONAL  
650 |a LIBRE COMERCIO  
650 |a AMERICA LATINA  
773 |g volumen 9, número 2; páginas 7-8  
999 |c 27816  |d 27816